[Event "MCR senioru 2014 - nad 70 let"]
[Site "?"]
[Date "2014.08.19"]
[Round "2.20"]
[White "Sladek, Jaroslav"]
[Black "Slovak, Martin"]
[Result "1/2-1/2"]
[WhiteElo "1558"]
[BlackElo "1733"]
[PlyCount "73"]
[EventDate "2014.??.??"]

1. e4 c6 2. d4 d5 3. exd5 cxd5 4. Nf3 Nc6 5. c4 Nf6 6. Nc3 h6 7. cxd5 Nxd5 8.
Bc4 Nxc3 9. bxc3 e6 10. O-O Be7 11. Be3 O-O 12. Bb3 Qc7 13. c4 Rd8 14. Qc1 Bf6
15. Rb1 Ne7 16. Rd1 Ng6 17. d5 exd5 18. cxd5 Qxc1 19. Rbxc1 Bg4 20. Rc7 Bxf3
21. gxf3 b6 22. f4 Rd6 23. Rdc1 Ne7 24. Rd1 a5 25. a4 Rad8 26. Rb7 Nxd5 27.
Bxd5 Rxd5 28. Rxd5 Rxd5 29. Rxb6 Rd1+ 30. Kg2 Ra1 31. Rb5 Rxa4 32. Bd2 Kh7 33.
Bxa5 Rxf4 34. Bc7 Rc4 35. Bg3 g5 36. Be5 Bxe5 37. Rxe5 1/2-1/2

[Event "MCR senioru 2014 - nad 70 let"]
[Site "?"]
[Date "2014.08.19"]
[Round "2.21"]
[White "Matoulek, Jaroslav"]
[Black "Kebort, Frantisek"]
[Result "1-0"]
[WhiteElo "1730"]
[BlackElo "1447"]
[PlyCount "108"]
[EventDate "2014.??.??"]

1. e4 e5 2. Nf3 Nc6 3. Bb5 Bd6 4. O-O a6 5. Ba4 f6 6. Nh4 Nge7 7. Bb3 Nd4 8.
Nc3 Nxb3 9. axb3 Bb4 10. Nd5 Bd6 11. Nxe7 Bxe7 12. Qh5+ Kf8 13. Ng6+ Kg8 14.
Nxh8 Kxh8 15. d3 d6 16. f4 Bd7 17. f5 Be8 18. Qh4 Bf7 19. Rf3 d5 20. Rh3 Qg8
21. Be3 g5 22. Qg4 d4 23. Bd2 c5 24. Rf1 Qe8 25. Rh6 Qf8 26. Qh3 Qg7 27. g4 Bf8
28. Rh5 Bxh5 29. Qxh5 h6 30. Ra1 Rd8 31. Ba5 Rd7 32. Bb6 Qf7 33. Qxf7 Rxf7 34.
Ra5 Bd6 35. Bxc5 Bc7 36. Ra4 a5 37. Ra1 b5 38. b4 a4 39. b3 axb3 40. cxb3 Kg7
41. Ra7 Bd8 42. Ra8 Be7 43. Rb8 Bxc5 44. bxc5 Ra7 45. Rxb5 Ra1+ 46. Kf2 Rd1 47.
Ke2 Rh1 48. c6 Rxh2+ 49. Kd1 Ra2 50. Rb7+ Kf8 51. c7 Ra1+ 52. Kc2 Ra2+ 53. Kb1
Ke7 54. c8=Q+ Kd6 1-0

[Event "MCR senioru 2014 - nad 70 let"]
[Site "?"]
[Date "2014.08.19"]
[Round "2.22"]
[White "Houska, Frantisek"]
[Black "Jedlicka, Eduard"]
[Result "0-1"]
[WhiteElo "1314"]
[BlackElo "1688"]
[PlyCount "58"]
[EventDate "2014.??.??"]

1. c4 e6 2. Nc3 d5 3. e4 d4 4. Nce2 e5 5. d3 Bb4+ 6. Bd2 Bxd2+ 7. Qxd2 c5 8. b4
cxb4 9. Qxb4 Nc6 10. Qc5 Qe7 11. Qxe7+ Ngxe7 12. f4 f6 13. f5 h5 14. g3 g6 15.
Bh3 gxf5 16. exf5 Nxf5 17. Bxf5 Bxf5 18. Kd2 e4 19. Nf4 O-O-O 20. Nge2 Ne5 21.
a4 exd3 22. Nc1 Nxc4+ 23. Kd1 Bg4+ 24. Nfe2 Rhe8 25. h3 dxe2+ 26. Ke1 Bf3 27.
Rg1 d3 28. Nxd3 Rxd3 29. Rc1 Rd1+ 0-1

[Event "MCR senioru 2014"]
[Site "Rychnov nad Kneznou"]
[Date "2014.08.19"]
[Round "4.1"]
[White "Shilov, Sergej"]
[Black "Urban, Zdenek"]
[Result "1-0"]
[WhiteElo "2141"]
[BlackElo "2152"]
[PlyCount "107"]
[EventDate "2014.??.??"]

1. e4 d6 2. f4 e5 3. d4 exd4 4. Qxd4 Nc6 5. Bb5 Bd7 6. Bxc6 Bxc6 7. Nf3 Nf6 8.
Nc3 Be7 9. Be3 O-O 10. O-O-O Ng4 11. Qd3 Nxe3 12. Qxe3 Re8 13. g4 Qc8 14. g5 f5
15. Nd4 Bxe4 16. Nxe4 fxe4 17. f5 c6 18. Ne6 g6 19. Qxe4 Bxg5+ 20. Kb1 gxf5 21.
Qxf5 Rxe6 22. Qxg5+ Kh8 23. Rxd6 Qe8 24. Rg1 Re1+ 25. Rd1 Rxd1+ 26. Rxd1 Qe6
27. Qc5 Qf6 28. b3 b6 29. Qd6 Rf8 30. a4 c5 31. Qxf6+ Rxf6 32. Rd7 a6 33. Rb7
Rd6 34. Kb2 Kg8 35. Kc3 h6 36. Rc7 a5 37. Rb7 h5 38. Re7 Rd4 39. Re6 Rb4 40.
Kd3 Kf7 41. Re4 Kf6 42. Rxb4 axb4 43. Kc4 Ke5 44. Kb5 Kd4 45. Kxb6 c4 46. a5
Kc3 47. a6 Kxc2 48. a7 c3 49. a8=Q Kb2 50. Kb5 c2 51. Kxb4 c1=Q 52. Qa3+ Kb1
53. Qxc1+ Kxc1 54. Kc3 1-0

[Event "MCR senioru 2014"]
[Site "Rychnov nad Kneznou"]
[Date "2014.08.19"]
[Round "4.2"]
[White "Lorenc, Oldrich"]
[Black "Vorel, Bohuslav"]
[Result "1-0"]
[WhiteElo "2081"]
[BlackElo "1633"]
[PlyCount "57"]
[EventDate "2014.??.??"]

1. e4 c5 2. Nf3 d6 3. c3 Nf6 4. Bc4 Nc6 5. d3 e6 6. O-O Be7 7. Re1 O-O 8. Bg5
h6 9. Bh4 Nd7 10. Bg3 a6 11. d4 Nb6 12. Bb3 c4 13. Bc2 d5 14. Nbd2 Nd7 15. e5
b5 16. h3 Bb7 17. Nh2 b4 18. Qh5 Qe8 19. Qg4 f5 20. exf6 Nxf6 21. Qxe6+ Kh8 22.
Ba4 bxc3 23. bxc3 Rf7 24. Rab1 Bf8 25. Rxb7 Qxe6 26. Rxe6 Rxb7 27. Bxc6 Rb2 28.
Bxa8 Rxd2 29. Ng4 1-0

[Event "MCR senioru 2014"]
[Site "Rychnov nad Kneznou"]
[Date "2014.08.19"]
[Round "4.3"]
[White "Elias, Miroslav"]
[Black "Masek, Jan"]
[Result "0-1"]
[WhiteElo "2079"]
[BlackElo "1930"]
[PlyCount "98"]
[EventDate "2014.??.??"]

1. Nf3 Nf6 2. g3 g6 3. Bg2 Bg7 4. O-O O-O 5. c4 c5 6. Nc3 Nc6 7. d4 cxd4 8.
Nxd4 Nxd4 9. Qxd4 d6 10. Qh4 Rb8 11. Bg5 Re8 12. Rad1 Qb6 13. Rd2 Be6 14. b3 a6
15. e4 Qa5 16. Rd3 Nd7 17. Nd5 f6 18. Bd2 Qxa2 19. Nc7 Nc5 20. Nxe8 Rxe8 21.
Rd4 Nxb3 22. Be3 Nxd4 23. Bxd4 Qxc4 24. Rd1 Qa4 25. Bf3 Bb3 26. Rd2 Rc8 27. Bb2
Qb4 28. Qf4 b5 29. Qe3 Be6 30. Be2 Bh3 31. g4 h5 32. gxh5 gxh5 33. Bxh5 Be6 34.
Bg6 Qc5 35. Qg3 Qg5 36. f4 Qxg3+ 37. hxg3 Bh6 38. Rh2 Kg7 39. Bh5 Bb3 40. Bg4
Rc2 41. Bd7 e5 42. fxe5 Be3+ 43. Kh1 dxe5 44. Bf5 Rxh2+ 45. Kxh2 Bc4 46. Bc3
Bc5 47. Ba5 b4 48. Bd7 Bd3 49. Bc6 b3 0-1

[Event "MCR senioru 2014"]
[Site "Rychnov nad Kneznou"]
[Date "2014.08.19"]
[Round "4.4"]
[White "Nisztuk, Michal"]
[Black "Malinovsky, Petr"]
[Result "0-1"]
[WhiteElo "1743"]
[BlackElo "1995"]
[PlyCount "60"]
[EventDate "2014.??.??"]

1. e4 c5 2. Nf3 e6 3. d4 cxd4 4. Nxd4 Nf6 5. f3 Nc6 6. Nc3 d5 7. Nxc6 bxc6 8.
e5 Nd7 9. Qd4 c5 10. Qa4 Be7 11. Qg4 Kf8 12. f4 Rb8 13. Be2 h5 14. Qh3 g6 15.
O-O Kg7 16. Qg3 Bb7 17. Bf3 Bc6 18. f5 exf5 19. Bxd5 Bh4 20. Qf4 Rb4 21. Qe3
Bxd5 22. Nxd5 Re4 23. Qc3 Nxe5 24. Ne3 Bf6 25. Qxc5 Ng4 26. c3 Be5 27. h3 Bc7
28. Nd5 Bd6 29. Qc6 Qb8 30. Bg5 Bc5+ 0-1

[Event "MCR senioru 2014 - nad 50 let"]
[Site "?"]
[Date "2014.08.19"]
[Round "4.5"]
[White "Nemec, Otakar"]
[Black "Papacek, Milos"]
[Result "0-1"]
[WhiteElo "1866"]
[BlackElo "1761"]
[Annotator "D"]
[PlyCount "36"]
[SourceDate "2014.08.18"]

1. e4 e5 2. Nf3 Nc6 3. Bb5 a6 4. Ba4 Nf6 5. O-O Be7 6. Re1 b5 7. Bb3 O-O 8. h3
d5 9. exd5 Nxd5 10. Nxe5 Nxe5 11. Rxe5 Nb6 12. d3 c5 13. c3 Bd6 14. Re1 Bc7 15.
Qh5 Qd6 16. f4 Bb7 17. Be3 Rae8 18. Qxc5 Qxc5 0-1

[Event "MCR senioru 2014-nad 50 let"]
[Site "Hewlett-Packard"]
[Date "2014.08.19"]
[Round "4.6"]
[White "Madera, Stanislav"]
[Black "Zmeskal, Stanislav"]
[Result "0-1"]
[WhiteElo "1794"]
[BlackElo "1691"]
[PlyCount "166"]
[EventDate "2014.??.??"]

1. d4 d5 2. Nf3 Nf6 3. c4 c6 4. cxd5 cxd5 5. Nc3 e6 6. Bg5 Be7 7. e3 O-O 8. Bd3
h6 9. Bh4 b6 10. O-O Bb7 11. Rc1 a6 12. Ne5 Nbd7 13. Nxd7 Nxd7 14. Bxe7 Qxe7
15. Na4 Rfc8 16. Bc2 b5 17. Nc3 Rc7 18. Qd3 Nf8 19. a3 Rac8 20. Na2 e5 21. Bb1
e4 22. Qd2 Ne6 23. Rxc7 Rxc7 24. Rc1 f5 25. Rxc7 Qxc7 26. Qc3 Kf7 27. Qxc7+
Nxc7 28. Nc3 g5 29. f3 Bc6 30. Ba2 Ke6 31. fxe4 fxe4 32. Nxe4 Kf5 33. Nc3 a5
34. Bb1+ Ke6 35. Na2 Ne8 36. Kf2 Nd6 37. Bd3 Be8 38. Kf3 Bh5+ 39. g4 Be8 40. b4
a4 41. Nc3 Bc6 42. Bh7 Nc4 43. Nb1 Kf6 44. Bf5 Nd6 45. Bd3 Ke6 46. Nc3 Kf6 47.
e4 dxe4+ 48. Bxe4 Bd7 49. Nd5+ Kf7 50. Ne3 Kf8 51. Bd3 Kf7 52. h3 Kf6 53. Bh7
Be6 54. Bc2 Bd7 55. Nd5+ Kf7 56. Nb6 Bc6+ 57. d5 Be8 58. Ke3 Ke7 59. Kd4 h5 60.
Bd3 hxg4 61. hxg4 Kf6 62. Be2 Nb7 63. Bf3 Nd6 64. Bg2 Nb7 65. Na8 Bd7 66. Bf3
Be8 67. Nc7 Bd7 68. Be2 Nd6 69. Kc5 Ke5 70. Nxb5 Ne4+ 71. Kb6 Kxd5 72. Bf3 Ke5
73. Bxe4 Kxe4 74. Nd6+ Kd5 75. Nf7 Bxg4 76. Nxg5 Kc4 77. Nf7 Kb3 78. Ne5 Kxa3
79. Nxg4 Kxb4 80. Ne3 Kb3 81. Kb5 a3 82. Nc4 a2 83. Nd2+ Kb2 0-1

[Event "MCR senioru 2014 - nad 50 let"]
[Site "?"]
[Date "2014.08.19"]
[Round "4.7"]
[White "Stola, Stanislav"]
[Black "Dolezal, Rudolf"]
[Result "0-1"]
[WhiteElo "1480"]
[BlackElo "1829"]
[Annotator "D"]
[PlyCount "118"]
[SourceDate "2014.08.18"]

1. d4 c5 2. Nf3 e6 3. Bg5 Be7 4. Qd2 cxd4 5. Bxe7 Qxe7 6. Qxd4 Nf6 7. Nc3 Nc6
8. Qd2 a6 9. e3 O-O 10. Be2 d5 11. O-O Rd8 12. Rad1 b5 13. a3 Bb7 14. Nd4 Nxd4
15. exd4 Rac8 16. f4 Ne4 17. Nxe4 dxe4 18. c3 Qh4 19. Qe3 Bd5 20. Qf2 Qh6 21.
Rfe1 f5 22. Bf1 Rf8 23. Re3 Qf6 24. Rde1 Bb3 25. Rh3 Rf7 26. Ree3 Bd1 27. Be2
Ba4 28. g4 a5 29. gxf5 exf5 30. Qh4 Qxh4 31. Rxh4 Rd8 32. Reh3 h6 33. Rg3 Kh7
34. Kf2 b4 35. Rg1 Rb7 36. Rh3 bxc3 37. bxc3 Rb2 38. Rhg3 Rd7 39. d5 Bb5 40.
Re3 Rxd5 41. Rc1 Rc5 42. Ke1 Bxe2 43. Rxe2 Rb3 44. c4 Rxa3 45. Rd2 Re3+ 46. Kf2
Rf3+ 47. Kg2 Rxf4 48. Rd5 Rc7 49. Rxa5 e3 50. Re5 Rf2+ 51. Kg1 f4 52. c5 Rd2
53. Re4 e2 54. Re1 f3 55. Re3 Rf7 56. Kf2 Rd1 57. Rxf3 Rxf3+ 58. Kxf3 Rxe1 59.
c6 Rc1 0-1

[Event "MCR senioru 2014 - nad 50 let"]
[Site "?"]
[Date "2014.08.19"]
[Round "4.8"]
[White "Vlachopulos, Georgis"]
[Black "Volfova, Milena"]
[Result "1-0"]
[WhiteElo "1952"]
[BlackElo "1607"]
[Annotator "D"]
[PlyCount "47"]
[SourceDate "2014.08.18"]

1. e4 e5 2. Nf3 Nc6 3. Bc4 h6 4. d4 Nxd4 5. Nxd4 exd4 6. Qxd4 c6 7. O-O Qf6 8.
e5 Qg6 9. Bd3 Qe6 10. Nc3 Ne7 11. Be4 Nf5 12. Qd3 Ne7 13. f4 b5 14. Nxb5 cxb5
15. Bxa8 Ba6 16. Re1 Nf5 17. Bd5 Qb6+ 18. Kh1 g6 19. c3 Bb7 20. Bd2 Be7 21. a4
bxa4 22. Rxa4 O-O 23. b4 Qf2 24. Bxb7 1-0

[Event "MCR senioru 2014 - nad 50 let"]
[Site "?"]
[Date "2014.08.19"]
[Round "4.9"]
[White "Kubelova, Sona"]
[Black "Cvejn, Jaroslav"]
[Result "1-0"]
[WhiteElo "1624"]
[BlackElo "1733"]
[Annotator "D"]
[PlyCount "91"]
[SourceDate "2014.08.18"]

1. d4 Nf6 2. c4 e6 3. Nc3 b6 4. e4 d6 5. b4 Bb7 6. Bd3 Be7 7. Nf3 O-O 8. O-O d5
9. e5 Ne4 10. Qc2 Nxc3 11. Qxc3 dxc4 12. Bxc4 a5 13. b5 c6 14. Bb2 cxb5 15.
Bxb5 Na6 16. a4 Rc8 17. Qe3 Nb4 18. Rfc1 Nc2 19. Qf4 Nxa1 20. Rxa1 Rc2 21. Bc1
Bxf3 22. gxf3 g6 23. Qe4 Rxc1+ 24. Rxc1 Bb4 25. h4 Kh8 26. Kg2 Bd2 27. Rc2 Bb4
28. Kh3 Rg8 29. Bd3 Qf8 30. Rc7 Qg7 31. Qb7 Rf8 32. f4 h5 33. Bc4 Qh6 34. Qe4
Bd2 35. Kg3 Bb4 36. d5 exd5 37. Qxd5 Bd2 38. Qxd2 g5 39. fxg5 Qg6 40. Qd4 Qb1
41. e6+ f6 42. e7 Qg1+ 43. Kf3 Qg4+ 44. Qxg4 hxg4+ 45. Kxg4 f5+ 46. Kf4 1-0

[Event "MCR senioru 2014-nad 50 let"]
[Site "?"]
[Date "2014.08.19"]
[Round "4.10"]
[White "Zoufaly, Petr"]
[Black "Ruffer, Vaclav"]
[Result "1-0"]
[WhiteElo "1719"]
[BlackElo "1645"]
[PlyCount "101"]
[EventDate "2014.??.??"]

1. d4 Nf6 2. Nf3 d5 3. e3 c6 4. c4 e6 5. Nc3 Be7 6. Bd3 O-O 7. O-O Nbd7 8. cxd5
cxd5 9. Qc2 Qc7 10. Bd2 b6 11. Rac1 Bb7 12. Qb1 Qb8 13. Nb5 Bd6 14. a3 e5 15.
Nxd6 Qxd6 16. Bb4 Qe6 17. dxe5 Nxe5 18. Nxe5 Qxe5 19. Bxf8 Rxf8 20. Rfe1 g6 21.
Bf1 Ng4 22. g3 Qf6 23. Qc2 d4 24. Bg2 Rc8 25. Qd2 Rxc1 26. Rxc1 dxe3 27. fxe3
Ba6 28. Rc7 Qf5 29. Bh3 h5 30. Rc1 Qe4 31. Bxg4 Bb7 32. Bc8 Qh1+ 33. Kf2 Qg2+
34. Ke1 Qg1+ 35. Ke2 Qg2+ 36. Kd1 Bf3+ 37. Kc2 Be4+ 38. Kc3 Qf3 39. Qd4 Bd5 40.
Ba6 Be6 41. Rf1 Qc6+ 42. Kd2 Qg2+ 43. Kc1 Qc6+ 44. Qc3 Qe4 45. Qd4 Qc6+ 46. Kb1
Bf5+ 47. Ka1 Be6 48. e4 Qc2 49. Qd3 Qa4 50. Bb5 Qb3 51. Qxb3 1-0

[Event "MCR senioru 2014-nad 50 let"]
[Site "?"]
[Date "2014.08.19"]
[Round "4.11"]
[White "Plachetka, Milan"]
[Black "Privoznik, Lubos"]
[Result "0-1"]
[WhiteElo "1639"]
[BlackElo "1632"]
[PlyCount "84"]
[EventDate "2014.??.??"]

1. e4 e6 2. Nf3 d5 3. exd5 exd5 4. d4 Bg4 5. Be2 h6 6. O-O Nf6 7. Nc3 Nc6 8. h3
Bh5 9. a3 a6 10. b4 Be7 11. Ne5 Bxe2 12. Nxe2 Nxe5 13. dxe5 Ne4 14. f3 Ng5 15.
Bxg5 Bxg5 16. f4 Bh4 17. g3 Be7 18. Nd4 Qd7 19. f5 O-O-O 20. e6 Qd6 21. Qf3 Bf6
22. c3 Bxd4+ 23. cxd4 fxe6 24. fxe6 Qxe6 25. Qf5 Qxf5 26. Rxf5 b6 27. Raf1 Rd7
28. Rf7 Rhd8 29. R7f3 Re8 30. R3f2 Rde7 31. Rf5 c6 32. a4 Re4 33. R1f2 R8e7 34.
Rf8+ Kd7 35. Ra8 Rxd4 36. Rxa6 Rxb4 37. h4 d4 38. Kg2 c5 39. Rf3 c4 40. a5 Kc6
41. Rf8 c3 42. Rf4 c2 0-1

[Event "MCR senioru 2014 - nad 50 let"]
[Site "?"]
[Date "2014.08.19"]
[Round "4.12"]
[White "Janousek, Ladislav"]
[Black "Chladek, Vaclav"]
[Result "0-1"]
[WhiteElo "1669"]
[BlackElo "2044"]
[Annotator "D"]
[PlyCount "34"]
[SourceDate "2014.08.18"]

1. e4 e5 2. Nf3 Nc6 3. d4 exd4 4. Nxd4 Nf6 5. Bg5 Be7 6. Nc3 Nxe4 7. Nxc6 bxc6
8. Nxe4 Bxg5 9. Nxg5 Qxg5 10. g3 O-O 11. Bg2 Ba6 12. Qd2 Qe5+ 13. Kd1 Qxb2 14.
Rc1 Rae8 15. Bf3 Re6 16. Qf4 Rd6+ 17. Ke1 Qc3+ 0-1

[Event "MCR senioru 2014 - nad 60 let"]
[Site "Rychnov nad Kneznou"]
[Date "2014.08.19"]
[Round "4.1"]
[White "Novotny, Josef"]
[Black "Mlynek, Petr"]
[Result "0-1"]
[WhiteElo "2134"]
[BlackElo "2150"]
[PlyCount "114"]
[EventDate "2014.??.??"]

1. e3 g6 2. d3 Bg7 3. Nf3 d5 4. Nbd2 Nf6 5. Be2 O-O 6. c3 c5 7. O-O Nc6 8. e4
e5 9. Re1 b6 10. Qc2 Ba6 11. Nf1 Qd7 12. Bg5 h6 13. Bxf6 Bxf6 14. Ne3 Ne7 15.
Rad1 d4 16. Nc4 Bxc4 17. dxc4 Bg7 18. cxd4 cxd4 19. b4 a5 20. b5 Rfc8 21. Qb1
Rc7 22. Rc1 Nc8 23. a4 Nd6 24. Nd2 Nb7 25. Nb3 Nc5 26. Nxc5 Rxc5 27. h3 h5 28.
Qd3 Bh6 29. Rc2 Qe7 30. Kh1 Rd8 31. Rg1 Qf6 32. Bf1 Qg5 33. g3 h4 34. gxh4 Qxh4
35. Rg4 Qf6 36. h4 Bf4 37. h5 Kg7 38. hxg6 Rh8+ 39. Bh3 fxg6 40. Kg2 Rh6 41.
Kf1 Rh8 42. Ke2 Be3 43. Bf1 Qxf2+ 44. Kd1 Qf3+ 45. Qe2 Qxe2+ 46. Kxe2 Rh2+ 47.
Kd3 Rh1 48. Ke2 Rc8 49. Bg2 Ra1 50. Bh3 Rf8 51. Rg2 Rxa4 52. c5 bxc5 53. Rxc5
Ra2+ 54. Kd3 Ra3+ 55. Kc4 Rc3+ 56. Kd5 Rd8+ 57. Kc6 Rxc5+ 0-1

[Event "MCR senioru 2014 - nad 60 let"]
[Site "Rychnov nad Kneznou"]
[Date "2014.08.19"]
[Round "4.2"]
[White "Grabow, Holm Pouelsten"]
[Black "Drabek, Miloslav"]
[Result "1-0"]
[WhiteElo "2150"]
[BlackElo "2028"]
[PlyCount "109"]
[EventDate "2014.??.??"]

1. c4 Nf6 2. Nf3 d6 3. Nc3 e5 4. g3 Be7 5. Bg2 O-O 6. O-O c6 7. d3 Bg4 8. h3
Bxf3 9. Bxf3 Nbd7 10. Rb1 Qc7 11. b4 a5 12. b5 Nc5 13. Be3 Nfd7 14. Na4 Nxa4
15. Qxa4 Rfc8 16. bxc6 bxc6 17. Rb3 Ra6 18. Rfb1 g6 19. Rb7 Qd8 20. Kh2 Kg7 21.
Qb3 a4 22. Qb2 Bf6 23. Bg4 Rc7 24. Qd2 h5 25. Bxd7 Qxd7 26. Rb8 c5 27. Bh6+ Kh7
28. Bf8 Bg7 29. Qg5 Bxf8 30. Rxf8 Qe7 31. Rh8+ Kg7 32. Qh6+ Kf6 33. Rg8 Ke6 34.
Rbb8 Qf6 35. Kg2 Raa7 36. Rge8+ Re7 37. Red8 Rab7 38. Qf8 Rxb8 39. Rxb8 Rd7 40.
Qc8 Qe7 41. Rb7 Qd8 42. Qxd8 Rxd8 43. Ra7 Rb8 44. Rxa4 Rb2 45. Kf3 g5 46. g4 h4
47. Ra8 Rd2 48. a4 Ra2 49. a5 Kf6 50. a6 Kg7 51. a7 Kh7 52. Ke4 Rxe2+ 53. Kd5
Ra2 54. Kxd6 f5 55. f3 1-0

[Event "MCR senioru 2014 - nad 60 let"]
[Site "Rychnov nad Kneznou"]
[Date "2014.08.19"]
[Round "4.3"]
[White "Kotva, Milan"]
[Black "Janda, Zdenek"]
[Result "1-0"]
[WhiteElo "2037"]
[BlackElo "2183"]
[PlyCount "87"]
[EventDate "2014.??.??"]

1. e4 g6 2. d4 Bg7 3. Nf3 d6 4. Bd3 Nc6 5. c3 e5 6. O-O Nf6 7. dxe5 dxe5 8. Qc2
O-O 9. Nbd2 Nh5 10. Nc4 Nf4 11. Bxf4 exf4 12. h3 b5 13. Ncd2 b4 14. Nb3 bxc3
15. bxc3 g5 16. Rfd1 g4 17. hxg4 Bxg4 18. e5 Qe7 19. Bxh7+ Kh8 20. Be4 Nxe5 21.
Nxe5 Qxe5 22. f3 Rae8 23. Kf2 Bh5 24. Rd5 Qxd5 25. Bxd5 Re5 26. Be4 Rg5 27. Rh1
Be5 28. Bf5 Kg7 29. Nd2 Rh8 30. Bh3 Bg6 31. Ne4 Rgh5 32. Rd1 Bf6 33. Qa4 Bh4+
34. Kf1 Rb8 35. Qd4+ Kh6 36. Nf6 Rhb5 37. Qxf4+ Bg5 38. Ng4+ Kh7 39. Qxc7 Rb1
40. Rxb1 Rxb1+ 41. Kf2 Bd2 42. Ne5 Bf4 43. Bf5 Rb2+ 44. Kf1 1-0

[Event "MCR senioru 2014 - nad 60 let"]
[Site "Rychnov nad Kneznou"]
[Date "2014.08.19"]
[Round "4.4"]
[White "Chmelik, Jiri"]
[Black "Juricek, Stanislav"]
[Result "1/2-1/2"]
[WhiteElo "1976"]
[BlackElo "2131"]
[PlyCount "43"]
[EventDate "2014.??.??"]

1. d4 Nf6 2. c4 e6 3. Nc3 Bb4 4. e3 c5 5. Bd3 Bxc3+ 6. bxc3 d6 7. Nf3 Nc6 8. e4
e5 9. d5 Ne7 10. Nd2 Ng6 11. Nf1 Qe7 12. Ng3 Nf4 13. O-O g6 14. f3 Bd7 15. Rb1
b6 16. Re1 O-O 17. Rb2 Rae8 18. Bf1 N6h5 19. Nxh5 Nxh5 20. Bh6 Ng7 21. Rf2 f6
22. Bd3 1/2-1/2

[Event "MCR senioru 2014 - nad 60 let"]
[Site "Rychnov nad Kneznou"]
[Date "2014.08.19"]
[Round "4.5"]
[White "Haderka, Karel"]
[Black "Jablecnik, Gustav"]
[Result "0-1"]
[WhiteElo "1836"]
[BlackElo "2107"]
[PlyCount "98"]
[EventDate "2014.??.??"]

1. c4 e5 2. Nc3 f5 3. e4 d6 4. d3 Nf6 5. Bg5 Be7 6. Bxf6 Bxf6 7. Qh5+ g6 8. Qh6
Kf7 9. Nf3 Qf8 10. Qd2 Be6 11. h4 Nc6 12. Nd5 Qd8 13. h5 f4 14. hxg6+ hxg6 15.
Rxh8 Bxh8 16. b4 g5 17. b5 Nb8 18. Nxg5+ Qxg5 19. Nxc7 Qd8 20. Nxa8 Nd7 21. Qe2
Kg6 22. g4 fxg3 23. fxg3 Qxa8 24. Qh2 Qd8 25. Be2 Bf6 26. Bh5+ Kg7 27. Ke2 Bg5
28. Rf1 Qa5 29. Kf3 Qb6 30. Qe2 Nf6 31. g4 Qd8 32. Kg2 Bf4 33. Rg1 Kf8 34. Kf1
Nh7 35. Bg6 Ng5 36. Rh1 Bg8 37. Bf5 Qa5 38. Rh6 Qb4 39. Kg2 Nxe4 40. Qxe4 Bxh6
41. Qxb7 Qd2+ 42. Kf1 Be3 43. Qb8+ Kg7 44. Qb7+ Bf7 45. Qf3 d5 46. Qg3 Bf4 47.
Qh3 dxc4 48. Qh7+ Kf8 49. Qh6+ Bxh6 0-1

[Event "MCR senioru 2014 - nad 60 let"]
[Site "Rychnov nad Kneznou"]
[Date "2014.08.19"]
[Round "4.6"]
[White "Dolezal, Radoslav"]
[Black "Uhmann, Jan"]
[Result "1-0"]
[WhiteElo "1956"]
[BlackElo "2094"]
[PlyCount "127"]
[EventDate "2014.??.??"]

1. e4 e5 2. Nf3 Nc6 3. Bb5 a6 4. Ba4 Nf6 5. O-O Nxe4 6. d4 b5 7. Bb3 d5 8. dxe5
Be6 9. c3 Be7 10. Nbd2 Nc5 11. Bc2 O-O 12. Re1 Qd7 13. b4 Nb7 14. Nb3 f5 15.
Bg5 h6 16. Bxe7 Qxe7 17. Nbd4 Nxd4 18. Nxd4 c5 19. Nxe6 Qxe6 20. a3 c4 21. Qd4
a5 22. f4 g6 23. Rab1 Rf7 24. Bd1 Ra6 25. Bf3 Rd7 26. Red1 axb4 27. Rxb4 Qb6
28. Qxb6 Rxb6 29. a4 Nc5 30. Rxd5 Rc7 31. Rxb5 Nxa4 32. Rxb6 Nxb6 33. Rd6 Na4
34. Rxg6+ Kh7 35. Rc6 Ra7 36. Rxc4 Nb2 37. Rd4 Ra1+ 38. Kf2 Rc1 39. Rd7+ Kg6
40. Rd6+ Kg7 41. Rf6 Rxc3 42. Rxf5 Nd3+ 43. Kg3 Nc5 44. Kh4 Nd7 45. Bh5 Nf8 46.
Rf7+ Kg8 47. Rf6 Kg7 48. f5 Rc4+ 49. g4 Rc2 50. Rf7+ Kg8 51. h3 Re2 52. e6 Nxe6
53. fxe6 Rxe6 54. Ra7 Re3 55. Bg6 Rc3 56. Rh7 Re3 57. Rxh6 Kg7 58. g5 Re6 59.
Kh5 Ra6 60. Rh7+ Kg8 61. Rb7 Ra4 62. Bf5 Ra5 63. Be6+ Kh8 64. Bg4 1-0

[Event "MCR senioru 2014 - nad 60 let"]
[Site "Rychnov nad Kneznou"]
[Date "2014.08.19"]
[Round "4.7"]
[White "Jerman, Richard"]
[Black "Hastik, Svatopluk"]
[Result "1-0"]
[WhiteElo "2090"]
[BlackElo "2075"]
[PlyCount "45"]
[EventDate "2014.??.??"]

1. e4 g6 2. d4 Bg7 3. Nc3 d6 4. f4 Nf6 5. Nf3 O-O 6. e5 dxe5 7. dxe5 Qxd1+ 8.
Kxd1 Ng4 9. Ke1 c6 10. Bd3 Nd7 11. h3 Nh6 12. Be3 Nb6 13. Bc5 Re8 14. g4 f5 15.
g5 Nf7 16. Kf2 Nd8 17. h4 Be6 18. h5 Bc4 19. Bxb6 Bxd3 20. Bxd8 Bc4 21. Ba5 b6
22. Bb4 c5 23. Ba3 1-0

[Event "MCR senioru 2014 - nad 60 let"]
[Site "Rychnov nad Kneznou"]
[Date "2014.08.19"]
[Round "4.8"]
[White "Pilar, Miloslav"]
[Black "Sobotnik, Petr"]
[Result "1-0"]
[WhiteElo "2225"]
[BlackElo "1951"]
[PlyCount "147"]
[EventDate "2014.??.??"]

1. Nf3 Nf6 2. d4 d5 3. c4 e6 4. Nc3 c6 5. cxd5 exd5 6. Bg5 Be7 7. e3 Nbd7 8.
Bd3 Ne4 9. Bf4 Ndf6 10. Qc2 Nxc3 11. bxc3 Bd6 12. Bxd6 Qxd6 13. h3 h6 14. O-O
O-O 15. Ne5 Nd7 16. f4 Qe7 17. Rf3 c5 18. Raf1 c4 19. Be2 Nf6 20. f5 b5 21. g4
Qa3 22. h4 Ne4 23. Rc1 Qd6 24. Rf4 f6 25. Ng6 Re8 26. Bf3 Bb7 27. Bxe4 Rxe4 28.
Rxe4 dxe4 29. Qh2 Qxh2+ 30. Kxh2 Kf7 31. Rb1 Bc6 32. Kg3 Rb8 33. Nf4 a5 34. a3
Bd7 35. h5 Ke7 36. Ne2 Kd6 37. Kf4 Kd5 38. Kg3 Kd6 39. Kf2 Bc6 40. Ke1 Rb7 41.
Kd2 Bd5 42. Nc1 Bc6 43. Na2 a4 44. Ke2 Bd5 45. Kf2 Rb8 46. Kg3 Rb7 47. Kf4 Rb8
48. Nb4 Rb6 49. Rb2 Rb7 50. Na6 Bc6 51. Nc5 Re7 52. Ne6 Rd7 53. Rb1 Rb7 54. Nd8
Re7 55. Nxc6 Kxc6 56. d5+ Kc5 57. Rd1 Re5 58. d6 Re8 59. d7 Rd8 60. Kxe4 Kc6
61. Rd4 Kc7 62. Kd5 Rxd7+ 63. Kc5 Re7 64. Kxb5 Rxe3 65. Rxc4+ Kd6 66. Kxa4 Kd5
67. Kb4 Re7 68. Rd4+ Kc6 69. a4 Rb7+ 70. Kc4 Rb1 71. Re4 Ra1 72. Re6+ Kd7 73.
Ra6 Kc8 74. Ra7 1-0

[Event "MCR senioru 2014 - nad 60 let"]
[Site "Rychnov nad Kneznou"]
[Date "2014.08.19"]
[Round "4.9"]
[White "Sedlacek, Jan"]
[Black "Sejkora, Vlastimil"]
[Result "0-1"]
[WhiteElo "1891"]
[BlackElo "2241"]
[PlyCount "74"]
[EventDate "2014.??.??"]

1. e4 c5 2. Nf3 Nf6 3. Nc3 Nc6 4. d4 d5 5. Bb5 e6 6. Ne5 Bd7 7. exd5 Nxd5 8.
Bxc6 Bxc6 9. Nxc6 bxc6 10. Ne4 cxd4 11. Qxd4 Nb4 12. Qc3 Qd5 13. f3 f5 14. Nf2
Qc5 15. O-O Qxc3 16. bxc3 Nxc2 17. Rb1 Bc5 18. Rb2 Ne3 19. Nd3 Bb6 20. Rxb6
Nxf1 21. Rxc6 Rd8 22. Bg5 Rxd3 23. Rc8+ Kf7 24. Rxh8 Kg6 25. Kxf1 Kxg5 26. Ra8
Rxc3 27. Rxa7 Kf4 28. Rb7 Rc1+ 29. Ke2 Rc2+ 30. Kd3 Rxg2 31. a4 e5 32. a5 Kxf3
33. a6 Ra2 34. a7 e4+ 35. Kd4 e3 36. Rxg7 e2 37. Re7 Rxa7 0-1

[Event "MCR senioru 2014 - nad 60 let"]
[Site "Rychnov nad Kneznou"]
[Date "2014.08.19"]
[Round "4.10"]
[White "Miciak, Emanuel"]
[Black "Just, Pavel"]
[Result "1/2-1/2"]
[WhiteElo "1865"]
[BlackElo "2013"]
[PlyCount "61"]
[EventDate "2014.??.??"]

1. d4 Nf6 2. c4 e6 3. Nf3 b6 4. Nc3 Bb7 5. g3 Bb4 6. Bd2 O-O 7. Bg2 d6 8. O-O
Bxc3 9. Bxc3 Nbd7 10. Nd2 Bxg2 11. Kxg2 d5 12. Rc1 Re8 13. e3 Qb8 14. b3 Qb7
15. Qf3 Rac8 16. Rc2 Nf8 17. Rfc1 Ng6 18. Bb2 c6 19. e4 dxe4 20. Nxe4 Nxe4 21.
Qxe4 Qd7 22. Re2 f5 23. Qe3 f4 24. Qe4 Qf7 25. f3 h5 26. Rce1 fxg3 27. hxg3 h4
28. Bc1 hxg3 29. Qg4 Nf8 30. Rh1 Qf5 31. Qxg3 1/2-1/2

[Event "MCR senioru 2014-nad 60 let"]
[Site "?"]
[Date "2014.08.19"]
[Round "4.11"]
[White "Zboril, Jaroslav"]
[Black "Pokorny, Jan"]
[Result "1-0"]
[WhiteElo "1973"]
[BlackElo "1866"]
[PlyCount "72"]

1. d4 Nf6 2. Bg5 e6 3. e3 Be7 4. Nf3 b6 5. Bd3 Bb7 6. Nbd2 d6 7. O-O h6 8. Bh4
g5 9. Bg3 g4 10. Ne1 h5 11. Bh4 Nh7 12. Bxe7 Qxe7 13. Qe2 Nd7 14. e4 O-O-O 15.
Ba6 Rdg8 16. a4 Nb8 17. Bxb7+ Kxb7 18. a5 Ng5 19. axb6 cxb6 20. Kh1 Rh7 21. c4
f5 22. b4 Nc6 23. Nc2 f4 24. c5 dxc5 25. bxc5 Rb8 26. Rfb1 Kc7 27. cxb6+ axb6
28. Qc4 f3 29. d5 fxg2+ 30. Kxg2 exd5 31. exd5 Qd6 32. Nb4 Nf3 33. Qxc6+ Qxc6
34. Nxc6 Nxd2 35. Nxb8 Rh6 36. Rd1 Ne4 1-0